[Event "GLOCAL SQUARE 53rd National Challengers Chess Cham"]
[Site "Naivedhyam Celebration Centre, Nagpur"]
[Date "2015.08.21"]
[Round "7"]
[Board "9"]
[White "Venkatesh, M.R."]
[Black "Konguvel, Ponnuswamy"]
[Result "1/2-1/2"]
[WhiteElo "2484"]
[BlackElo "2340"]
[PlyCount "135"]
[EventDate "2015.08.17"]
[EventRounds "13"]
[EventCountry "IND"]

1. e4 c5 2. Nf3 d6 3. Bb5+ Bd7 4. Bxd7+ Qxd7 5. O-O Nf6 6. Re1 Nc6 7. c3 e6 8.
d4 cxd4 9. cxd4 d5 10. e5 Ne4 11. a3 Be7 12. Nbd2 Nxd2 13. Bxd2 O-O 14. Rc1
Rfc8 15. Rc3 Qd8 16. Rd3 Na5 17. h4 Nc4 18. Bc1 Rc6 19. Ng5 Rac8 20. Qh5 Bxg5
21. Bxg5 Qf8 22. Rg3 g6 23. Qe2 Nb6 24. h5 Rc2 25. Qg4 Qe8 26. Rh3 R8c7 27. Qh4
Nc4 28. Bd8 Rd7 29. Bf6 Nd2 30. f3 Nb3 31. Qf4 Rdc7 32. Qe3 Rxb2 33. Rd1 Na5
34. Qh6 Qf8 35. Qxf8+ Kxf8 36. hxg6 fxg6 37. Bd8 Rbc2 38. Bxc7 Rxc7 39. g4 Kg7
40. Kf2 Nc4 41. f4 Rf7 42. Rf3 b5 43. Ke2 a6 44. Rdf1 Kf8 45. f5 gxf5 46. gxf5
exf5 47. Rxf5 Rxf5 48. Rxf5+ Ke7 49. Rh5 Nxa3 50. Rxh7+ Ke8 51. Ra7 Nc2 52.
Rxa6 Nxd4+ 53. Ke3 Nc2+ 54. Kf4 Ke7 55. e6 Kf6 56. Rb6 Nd4 57. e7+ Kxe7 58. Ke5
Nf3+ 59. Kxd5 Ng5 60. Rxb5 Kf6 61. Rb1 Nf7 62. Rf1+ Ke7 63. Rf5 Nd8 64. Re5+
Kf6 65. Re8 Nf7 66. Re6+ Kf5 67. Re7 Kf6 68. Rxf7+ 1/2-1/2

[Event "GLOCAL SQUARE 53rd National Challengers Chess Cham"]
[Site "Naivedhyam Celebration Centre, Nagpur"]
[Date "2015.08.21"]
[Round "7"]
[Board "10"]
[White "Swapnil, S. Dhopade"]
[Black "Gusain, Himal"]
[Result "1/2-1/2"]
[WhiteElo "2458"]
[BlackElo "2302"]
[PlyCount "57"]
[EventDate "2015.08.17"]
[EventRounds "13"]
[EventCountry "IND"]

1. d4 d5 2. c4 e6 3. Nc3 Nf6 4. Nf3 Bb4 5. cxd5 exd5 6. Qa4+ Nc6 7. Bg5 h6 8.
Bxf6 Qxf6 9. e3 O-O 10. Be2 a6 11. O-O Rd8 12. Rfc1 Bf8 13. a3 Bf5 14. Qd1 Qd6
15. Na4 b6 16. Nd2 Qd7 17. Nc3 Ne7 18. b4 c6 19. Na4 Qb7 20. Rc3 Bd7 21. Rb1
Nc8 22. Bg4 Be8 23. Bxc8 Raxc8 24. Nb2 Qa7 25. Nb3 Bd6 26. Nd3 Qe7 27. Nd2 Bd7
28. Rbc1 Ra8 29. Nb3 1/2-1/2

[Event "GLOCAL SQUARE 53rd National Challengers Chess Cham"]
[Site "Naivedhyam Celebration Centre, Nagpur"]
[Date "2015.08.21"]
[Round "7"]
[Board "11"]
[White "Swayams, Mishra"]
[Black "Kathmale, Sameer"]
[Result "0-1"]
[WhiteElo "2446"]
[BlackElo "2288"]
[PlyCount "102"]
[EventDate "2015.08.17"]
[EventRounds "13"]
[EventCountry "IND"]

1. d4 d5 2. c4 c6 3. Nf3 Nf6 4. e3 Bf5 5. Nc3 a6 6. Qb3 Ra7 7. a4 e6 8. a5 Nbd7
9. Be2 Bd6 10. O-O O-O 11. Bd2 Re8 12. Rfd1 Ne4 13. Be1 Qf6 14. Nxe4 Bxe4 15.
Nd2 Bf5 16. Nf1 dxc4 17. Bxc4 Qg6 18. Bd3 Bxd3 19. Qxd3 Raa8 20. Qxg6 hxg6 21.
Nd2 Bb4 22. Nc4 Bxe1 23. Rxe1 c5 24. Red1 cxd4 25. Rxd4 Nb8 26. Ne5 Nc6 27.
Nxc6 bxc6 28. Rc1 Rab8 29. b4 Red8 30. Rdc4 Rd2 31. g3 Rb5 32. R4c2 Rdd5 33.
Rc4 g5 34. R1c2 g6 35. h3 Kg7 36. Kg2 Kf6 37. Rxc6 Rxb4 38. Ra2 Rb1 39. Rxa6
Rdd1 40. Rc6 Rb7 41. a6 Ra7 42. Rb6 Rdd7 43. Kf3 Rdc7 44. Ke2 Rd7 45. Ra5 Ra8
46. Rc5 Rda7 47. Rcc6 Rd7 48. Rd6 Rc7 49. Kd2 Ke5 50. Rbc6 Rca7 51. Rb6 Rh8 0-1

[Event "GLOCAL SQUARE 53rd National Challengers Chess Cham"]
[Site "Naivedhyam Celebration Centre, Nagpur"]
[Date "2015.08.21"]
[Round "7"]
[Board "12"]
[White "Kulkarni, Vikramaditya"]
[Black "Das, Sayantan"]
[Result "1/2-1/2"]
[WhiteElo "2322"]
[BlackElo "2444"]
[PlyCount "96"]
[EventDate "2015.08.17"]
[EventRounds "13"]
[EventCountry "IND"]

1. d4 Nf6 2. Nf3 g6 3. c4 Bg7 4. g3 O-O 5. Bg2 d6 6. O-O Nbd7 7. Nc3 e5 8. e4
exd4 9. Nxd4 Nc5 10. h3 Re8 11. Re1 Bd7 12. Qd2 a5 13. b3 Qc8 14. Kh2 Re5 15.
f4 Rh5 16. h4 Ng4+ 17. Kg1 Qb8 18. Bf3 Qa7 19. Kg2 Nxb3 20. axb3 Qxd4 21. Qxd4
Bxd4 22. Bb2 Rc5 23. Rad1 Bxc3 24. Bxc3 a4 25. Ra1 Re8 26. Bxg4 Bxg4 27. Rxa4
Rc6 28. Rea1 b5 29. Ra8 Bd7 30. Rxe8+ Bxe8 31. Ra8 Kf8 32. Kf3 Ke7 33. Kg4 bxc4
34. Kg5 h6+ 35. Kxh6 cxb3 36. Bf6+ Kxf6 37. Rxe8 d5 38. exd5 Rc4 39. Rb8 Rc3
40. g4 Rh3 41. h5 gxh5 42. gxh5 Kf5 43. Kg7 Rxh5 44. Rxb3 Kxf4 45. Rc3 Rxd5 46.
Kxf7 Rh5 47. Kg6 Rg5+ 48. Kh6 Re5 1/2-1/2

[Event "GLOCAL SQUARE 53rd National Challengers Chess Cham"]
[Site "Naivedhyam Celebration Centre, Nagpur"]
[Date "2015.08.21"]
[Round "7"]
[Board "13"]
[White "Hemant, Sharma (del)"]
[Black "Karthikeyan, P."]
[Result "1/2-1/2"]
[WhiteElo "2270"]
[BlackElo "2426"]
[PlyCount "49"]
[EventDate "2015.08.17"]
[EventRounds "13"]
[EventCountry "IND"]

1. e4 e5 2. Nf3 Nc6 3. Bc4 Bc5 4. c3 Nf6 5. d3 a6 6. O-O Ba7 7. Nbd2 d6 8. Bb3
h6 9. Nc4 Be6 10. Be3 b5 11. Ncd2 O-O 12. Bxa7 Bxb3 13. Qxb3 Rxa7 14. Rfe1 Na5
15. Qc2 c5 16. Nf1 Nc6 17. Ne3 Rb7 18. a4 b4 19. c4 a5 20. b3 Rc7 21. Rad1 Re8
22. Rd2 Rc8 23. Qd1 Rc7 24. Qc2 Rc8 25. Qd1 1/2-1/2

[Event "GLOCAL SQUARE 53rd National Challengers Chess Cham"]
[Site "Naivedhyam Celebration Centre, Nagpur"]
[Date "2015.08.21"]
[Round "7"]
[Board "14"]
[White "Shetty, Rahul"]
[Black "Shyaamnikhil, P"]
[Result "0-1"]
[WhiteElo "2192"]
[BlackElo "2420"]
[PlyCount "52"]
[EventDate "2015.08.17"]
[EventRounds "13"]
[EventCountry "IND"]

1. e4 e5 2. Nf3 Nc6 3. Bb5 a6 4. Ba4 Nge7 5. c3 g6 6. d4 exd4 7. cxd4 b5 8. Bb3
Bg7 9. O-O d6 10. a3 O-O 11. h3 h6 12. Nc3 Kh7 13. Be3 Na5 14. Ba2 f5 15. exf5
Nxf5 16. Rc1 c6 17. b4 Nc4 18. Bf4 Nh4 19. Nxh4 Rxf4 20. Nf3 Qf8 21. Bxc4 bxc4
22. Nd2 d5 23. Ne2 Rf7 24. f4 a5 25. Rb1 Bf5 26. Rb2 c3 0-1

[Event "GLOCAL SQUARE 53rd National Challengers Chess Cham"]
[Site "Naivedhyam Celebration Centre, Nagpur"]
[Date "2015.08.21"]
[Round "7"]
[Board "15"]
[White "Himanshu, Sharma"]
[Black "Sangma, Rahul"]
[Result "1/2-1/2"]
[WhiteElo "2417"]
[BlackElo "2285"]
[PlyCount "65"]
[EventDate "2015.08.17"]
[EventRounds "13"]
[EventCountry "IND"]

1. e4 e5 2. Nf3 Nc6 3. Bb5 Nf6 4. O-O Nxe4 5. Re1 Nd6 6. Nxe5 Nxe5 7. Rxe5+ Be7
8. Bf1 O-O 9. d4 Bf6 10. Re1 Nf5 11. d5 d6 12. Nd2 Nh4 13. Ne4 Bf5 14. c3 Re8
15. Ng3 Rxe1 16. Qxe1 Bg6 17. a4 c6 18. Bc4 Qd7 19. Be3 c5 20. Bb5 Qc7 21. Qe2
a6 22. Bd3 Re8 23. Bxg6 hxg6 24. Qc4 Nf5 25. Bd2 Nxg3 26. hxg3 Qd7 27. g4 g5
28. a5 g6 29. Kf1 Kg7 30. f3 Rh8 31. Kg1 Re8 32. Kf2 Qe7 33. Re1 1/2-1/2

[Event "GLOCAL SQUARE 53rd National Challengers Chess Cham"]
[Site "Naivedhyam Celebration Centre, Nagpur"]
[Date "2015.08.21"]
[Round "7"]
[Board "16"]
[White "Ravi, Teja S."]
[Black "Raghunandan, Kaumandur Srihari"]
[Result "1/2-1/2"]
[WhiteElo "2416"]
[BlackElo "2221"]
[PlyCount "70"]
[EventDate "2015.08.17"]
[EventRounds "13"]
[EventCountry "IND"]

1. d4 d5 2. Nf3 Nf6 3. c4 c6 4. e3 e6 5. b3 Nbd7 6. Bb2 Bd6 7. Nbd2 O-O 8. Bd3
b6 9. O-O Qc7 10. Rc1 Bb7 11. Qe2 Rfe8 12. e4 dxe4 13. Nxe4 Nxe4 14. Qxe4 Nf6
15. Qh4 h6 16. c5 Be7 17. Qg3 Qxg3 18. hxg3 Nd7 19. Ba3 Red8 20. Rfd1 Bf6 21.
Be4 e5 22. dxe5 Nxe5 23. Nxe5 Bxe5 24. Rxd8+ Rxd8 25. cxb6 axb6 26. Bxc6 Bxc6
27. Rxc6 Rd1+ 28. Kh2 Rd2 29. Bc1 Rxf2 30. a4 Bd4 31. Rc8+ Kh7 32. Rc4 Rf1 33.
Rxd4 Rxc1 34. Rb4 Rc6 35. g4 Kg6 1/2-1/2

[Event "GLOCAL SQUARE 53rd National Challengers Chess Cham"]
[Site "Naivedhyam Celebration Centre, Nagpur"]
[Date "2015.08.21"]
[Round "7"]
[Board "17"]
[White "Srijit, Paul"]
[Black "Nitin, S."]
[Result "1/2-1/2"]
[WhiteElo "2060"]
[BlackElo "2404"]
[PlyCount "58"]
[EventDate "2015.08.17"]
[EventRounds "13"]
[EventCountry "IND"]

1. e4 c5 2. Nf3 a6 3. c3 d6 4. d4 Nd7 5. Nbd2 Qc7 6. Bc4 e6 7. O-O Ngf6 8. Re1
b5 9. Bd3 e5 10. a4 Rb8 11. Qe2 c4 12. Bc2 Be7 13. Nf1 O-O 14. Nh4 Re8 15. Nf5
Bf8 16. N1g3 exd4 17. Nxd4 g6 18. axb5 axb5 19. Bf4 Ne5 20. Qd2 b4 21. cxb4 Qb6
22. b5 Nd3 23. Bxd3 Qxd4 24. Bc2 Qxd2 25. Bxd2 Nd7 26. Bc3 Nc5 27. Nf1 Bg7 28.
Ne3 Be6 29. f4 Bh6 1/2-1/2

[Event "GLOCAL SQUARE 53rd National Challengers Chess Cham"]
[Site "Naivedhyam Celebration Centre, Nagpur"]
[Date "2015.08.21"]
[Round "7"]
[Board "19"]
[White "Stany, G.A."]
[Black "Sahoo, Utkal Ranjan"]
[Result "1-0"]
[WhiteElo "2392"]
[BlackElo "2215"]
[PlyCount "69"]
[EventDate "2015.08.17"]
[EventRounds "13"]
[EventCountry "IND"]

1. e4 e6 2. d4 d5 3. e5 c5 4. c3 Nc6 5. Nf3 Qb6 6. a3 Nh6 7. b4 cxd4 8. cxd4
Nf5 9. Bb2 Bd7 10. g4 Nfe7 11. Nc3 Na5 12. Rc1 Nc4 13. Bxc4 dxc4 14. Nd2 Nd5
15. Nce4 c3 16. Bxc3 Nxc3 17. Rxc3 Qxd4 18. O-O Be7 19. Qc2 Qxe5 20. Nc4 Qf4
21. Rd1 Bc6 22. Ncd6+ Bxd6 23. Nxd6+ Ke7 24. b5 Bd7 25. Rc7 Qxg4+ 26. Kf1 Rhd8
27. Rd3 Kf8 28. Nxb7 Bxb5 29. Qc5+ Kg8 30. Qxb5 a6 31. Qxa6 h5 32. Qb5 Rdc8 33.
Qc6 Rxc7 34. Qxc7 Qe4 35. Qxf7+ 1-0

[Event "GLOCAL SQUARE 53rd National Challengers Chess Cham"]
[Site "Naivedhyam Celebration Centre, Nagpur"]
[Date "2015.08.21"]
[Round "7"]
[Board "20"]
[White "Sekar, B"]
[Black "Krishna, C.R.G."]
[Result "1-0"]
[WhiteElo "2214"]
[BlackElo "2385"]
[PlyCount "55"]
[EventDate "2015.08.17"]
[EventRounds "13"]
[EventCountry "IND"]

1. e4 e6 2. d4 d5 3. Nd2 c5 4. Ngf3 Nf6 5. e5 Nfd7 6. c3 Nc6 7. Bd3 Qb6 8. O-O
cxd4 9. cxd4 Nxd4 10. Nxd4 Qxd4 11. Nf3 Qb6 12. Qa4 Be7 13. Be3 Qb4 14. Qc2 Nc5
15. Bxh7 Bd7 16. Rac1 Rc8 17. Qb1 g6 18. Bxg6 Rg8 19. Bxc5 Rxc5 20. Rxc5 Bxc5
21. Bxf7+ Kxf7 22. Qh7+ Kf8 23. Qxd7 Rxg2+ 24. Kh1 Qf4 25. Qd8+ Kf7 26. Qf6+
Qxf6 27. exf6 Kxf6 28. Kxg2 1-0

[Event "GLOCAL SQUARE 53rd National Challengers Chess Cham"]
[Site "Naivedhyam Celebration Centre, Nagpur"]
[Date "2015.08.21"]
[Round "7"]
[Board "23"]
[White "Varun, V"]
[Black "Thakur, Akash"]
[Result "1/2-1/2"]
[WhiteElo "2171"]
[BlackElo "2332"]
[PlyCount "62"]
[EventDate "2015.08.17"]
[EventRounds "13"]
[EventCountry "IND"]

1. d4 d5 2. Bf4 Nf6 3. e3 g6 4. Nf3 Bg7 5. Nc3 O-O 6. Be2 c6 7. Ne5 Nbd7 8. h4
Nxe5 9. Bxe5 Ne4 10. Nxe4 Bxe5 11. dxe5 dxe4 12. Qxd8 Rxd8 13. Rd1 Rxd1+ 14.
Kxd1 Be6 15. Kc1 f6 16. exf6 exf6 17. Kd2 Kf7 18. Kc3 f5 19. g3 h6 20. Rd1 Kf6
21. a4 Ke5 22. b3 Rg8 23. a5 b6 24. axb6 axb6 25. Ra1 g5 26. hxg5 hxg5 27. Rh1
c5 28. Rh6 Rg7 29. Rh8 Rg6 30. Re8 Kd6 31. Bc4 Bd7 1/2-1/2

[Event "GLOCAL SQUARE 53rd National Challengers Chess Cham"]
[Site "Naivedhyam Celebration Centre, Nagpur"]
[Date "2015.08.22"]
[Round "8"]
[Board "1"]
[White "Sengupta, Deep"]
[Black "Karthikeyan, Murali"]
[Result "1/2-1/2"]
[WhiteElo "2594"]
[BlackElo "2510"]
[PlyCount "78"]
[EventDate "2015.08.17"]
[EventRounds "13"]
[EventCountry "IND"]

1. e4 g6 2. d4 Bg7 3. Nc3 d6 4. Be3 a6 5. h4 Nf6 6. f3 h5 7. Qd2 b5 8. O-O-O c6
9. Kb1 Qc7 10. e5 Nd5 11. f4 Nd7 12. Ne4 N7b6 13. Qf2 Nc4 14. Bc1 Bf5 15. Re1
Qa5 16. Nf3 O-O 17. Bd2 Nxd2+ 18. Nfxd2 c5 19. Nb3 Qa4 20. g4 Bxg4 21. Bh3 Bxh3
22. Rxh3 cxd4 23. Rd3 Nb4 24. Rxd4 dxe5 25. Nc3 exd4 26. Nxa4 bxa4 27. Nc5 Rfc8
28. a3 Rxc5 29. axb4 Rb5 30. Rxe7 Rxb4 31. Qe1 Rbb8 32. f5 d3 33. fxg6 Rxb2+
34. Kc1 Rxc2+ 35. Kd1 fxg6 36. Qe6+ Kh7 37. Rxg7+ Kxg7 38. Qe5+ Kh7 39. Qe7+
Kh6 1/2-1/2

[Event "GLOCAL SQUARE 53rd National Challengers Chess Cham"]
[Site "Naivedhyam Celebration Centre, Nagpur"]
[Date "2015.08.22"]
[Round "8"]
[Board "2"]
[White "Lalith, Babu M.R."]
[Black "Laxman, R.R."]
[Result "1/2-1/2"]
[WhiteElo "2570"]
[BlackElo "2425"]
[PlyCount "144"]
[EventDate "2015.08.17"]
[EventRounds "13"]
[EventCountry "IND"]

1. d4 Nf6 2. c4 e6 3. Nf3 b6 4. g3 Bb7 5. Bg2 g6 6. Nc3 Bg7 7. Qc2 O-O 8. O-O
d5 9. cxd5 exd5 10. Bf4 Na6 11. Rac1 Nh5 12. Bg5 Qd7 13. Rfd1 Rfe8 14. Qb3 c6
15. e4 dxe4 16. Ne5 Qe6 17. Nxe4 Nc7 18. Qxe6 Nxe6 19. Nd6 Nxd4 20. Nxe8 Bxe5
21. Rxd4 Bxd4 22. Nd6 Rb8 23. Nxb7 Rxb7 24. Rxc6 Rb8 25. Rc7 Nf6 26. b3 Re8 27.
Kf1 a6 28. Rc4 Bb2 29. Rc6 Re6 30. Rxe6 fxe6 31. Bb7 a5 32. Be3 Nd7 33. Bc6 Nc5
34. Bg5 Bd4 35. Ke2 Kf7 36. Bd8 Na6 37. a3 Nc5 38. b4 axb4 39. axb4 Na6 40. b5
Nb4 41. f3 Bc5 42. g4 Bd4 43. f4 h5 44. gxh5 gxh5 45. Bf3 Kg6 46. Be4+ Kf7 47.
Kf3 Na2 48. h3 Nc3 49. Bc6 Bc5 50. Bc7 Bd4 51. Bd6 Kf6 52. Bc7 Kf5 53. Be8 Nd5
54. Bd6 Nf6 55. Bc6 e5 56. fxe5 Bxe5 57. Be7 Bd4 58. Bd8 Bc5 59. Bb7 Ne8 60.
Be4+ Ke5 61. Bc6 Nd6 62. Bc7 Kf5 63. Bd7+ Kg6 64. Kf4 Kf6 65. Bd8+ Kg6 66. Bh4
Bd4 67. Bd8 Bc5 68. Bc6 Bd4 69. Bc7 Bg1 70. Bd8 Bd4 71. Be7 Bc5 72. Bd8 Bd4
 1/2-1/2

[Event "GLOCAL SQUARE 53rd National Challengers Chess Cham"]
[Site "Naivedhyam Celebration Centre, Nagpur"]
[Date "2015.08.22"]
[Round "8"]
[Board "3"]
[White "Anurag, Mhamal"]
[Black "Shyam, Sundar M."]
[Result "1-0"]
[WhiteElo "2393"]
[BlackElo "2499"]
[PlyCount "57"]
[EventDate "2015.08.17"]
[EventRounds "13"]
[EventCountry "IND"]

1. Nf3 d5 2. b3 Bg4 3. Bb2 Nd7 4. c4 dxc4 5. bxc4 Ngf6 6. d3 Bxf3 7. gxf3 e5 8.
Nd2 Bc5 9. e3 O-O 10. Be2 a5 11. Qc2 a4 12. Rb1 Re8 13. Rg1 b6 14. Kf1 Nb8 15.
f4 exf4 16. Qc3 Nbd7 17. Ne4 Rxe4 18. dxe4 fxe3 19. Rd1 Bd6 20. f4 a3 21. Ba1
Bxf4 22. Rxd7 Qxd7 23. Rxg7+ Kxg7 24. Qxf6+ Kf8 25. Qh8+ Ke7 26. Bf6+ Ke6 27.
Bg4+ Kd6 28. Qxa8 e2+ 29. Ke1 1-0

[Event "GLOCAL SQUARE 53rd National Challengers Chess Cham"]
[Site "Naivedhyam Celebration Centre, Nagpur"]
[Date "2015.08.22"]
[Round "8"]
[Board "4"]
[White "Kathmale, Sameer"]
[Black "Kunte, Abhijit"]
[Result "1/2-1/2"]
[WhiteElo "2288"]
[BlackElo "2493"]
[PlyCount "51"]
[EventDate "2015.08.17"]
[EventRounds "13"]
[EventCountry "IND"]

1. e4 c5 2. Nf3 e6 3. c3 Nf6 4. e5 Nd5 5. d4 cxd4 6. Bc4 d6 7. cxd4 Be7 8. O-O
O-O 9. Qe2 b6 10. exd6 Qxd6 11. Nc3 Nxc3 12. bxc3 Bb7 13. Bd3 Nd7 14. a4 Qc7
15. Ba3 Bxa3 16. Rxa3 Rac8 17. a5 Qd6 18. Rfa1 bxa5 19. Nd2 Nf6 20. Nc4 Qc6 21.
f3 Ba6 22. Ne5 Bxd3 23. Qxd3 Qc7 24. c4 Rfd8 25. Rxa5 Nd7 26. Nxd7 1/2-1/2

[Event "GLOCAL SQUARE 53rd National Challengers Chess Cham"]
[Site "Naivedhyam Celebration Centre, Nagpur"]
[Date "2015.08.22"]
[Round "8"]
[Board "5"]
[White "Thejkumar, M. S."]
[Black "Satyapragyan, Swayangsu"]
[Result "1/2-1/2"]
[WhiteElo "2479"]
[BlackElo "2397"]
[PlyCount "81"]
[EventDate "2015.08.17"]
[EventRounds "13"]
[EventCountry "IND"]

1. d4 Nf6 2. Nf3 e6 3. c4 b6 4. e3 Bb7 5. Bd3 d5 6. Nc3 Bd6 7. cxd5 exd5 8. Qc2
a6 9. O-O O-O 10. e4 dxe4 11. Nxe4 Nxe4 12. Bxe4 Bxe4 13. Qxe4 Nd7 14. Bg5 Qe8
15. Qf5 Qe6 16. Qxe6 fxe6 17. Rfe1 Rae8 18. Re3 Rf5 19. Bh4 h6 20. Bg3 Rb5 21.
b3 Nf6 22. Rae1 Ra5 23. R3e2 Nd5 24. Rc1 Nb4 25. a4 b5 26. axb5 Rxb5 27. Bxd6
cxd6 28. h4 Nd5 29. Rc6 Rxb3 30. Rxd6 Nc7 31. Rc2 Nd5 32. Re2 Nc7 33. Rc2 Nd5
34. Rxa6 Rxf3 35. gxf3 Nb4 36. Rcc6 Nxc6 37. Rxc6 Kf7 38. Kg2 Rd8 39. Rc4 Kf6
40. Kg3 Rd5 41. Kg4 1/2-1/2

[Event "GLOCAL SQUARE 53rd National Challengers Chess Cham"]
[Site "Naivedhyam Celebration Centre, Nagpur"]
[Date "2015.08.22"]
[Round "8"]
[Board "6"]
[White "Neelotpal, Das"]
[Black "Stany, G.A."]
[Result "1-0"]
[WhiteElo "2448"]
[BlackElo "2392"]
[PlyCount "91"]
[EventDate "2015.08.17"]
[EventRounds "13"]
[EventCountry "IND"]

1. e4 c5 2. Nf3 Nc6 3. Bb5 d6 4. O-O Bd7 5. Re1 Nf6 6. c3 a6 7. Bf1 Bg4 8. d4
cxd4 9. cxd4 e5 10. Be3 exd4 11. Bxd4 Be7 12. Be2 O-O 13. Nc3 Bxf3 14. Bxf3
Nxd4 15. Qxd4 Qa5 16. Rad1 Rac8 17. g3 b5 18. a3 Rc4 19. Qd2 Qb6 20. Rc1 Rfc8
21. Be2 R4c6 22. Bf1 h6 23. Rc2 Bf8 24. Rec1 Qc7 25. Qf4 Qb8 26. Bd3 Nd7 27.
Kg2 Nc5 28. Qe3 Na4 29. Nxa4 Rxc2 30. Bxc2 bxa4 31. Bxa4 Rxc1 32. Qxc1 Be7 33.
b4 Bf6 34. Bb3 Qb7 35. Bd5 Qa7 36. Qc8+ Kh7 37. Qe8 Kg6 38. Qc8 Kh7 39. Qf8 Kg6
40. Qxd6 Kh7 41. Qf8 Kg6 42. f4 Bb2 43. Bxf7+ Qxf7 44. f5+ Kf6 45. Qd6+ Kg5 46.
h4+ 1-0

[Event "GLOCAL SQUARE 53rd National Challengers Chess Cham"]
[Site "Naivedhyam Celebration Centre, Nagpur"]
[Date "2015.08.22"]
[Round "8"]
[Board "7"]
[White "Shyaamnikhil, P"]
[Black "K., Praneeth Surya"]
[Result "1/2-1/2"]
[WhiteElo "2420"]
[BlackElo "2347"]
[PlyCount "50"]
[EventDate "2015.08.17"]
[EventRounds "13"]
[EventCountry "IND"]

1. e4 c5 2. Ne2 Nf6 3. Nbc3 d5 4. exd5 Nxd5 5. Ne4 e5 6. N2c3 Nc7 7. d3 Be7 8.
g3 O-O 9. Bg2 Bd7 10. O-O Bc6 11. a4 f5 12. Nd2 Bxg2 13. Kxg2 Nc6 14. Nc4 Qd7
15. Re1 Bf6 16. Nb5 Nxb5 17. axb5 Nd4 18. Nxe5 Bxe5 19. Rxe5 Qxb5 20. c3 Nb3
21. Rb1 Rad8 22. d4 Qc4 23. Bg5 Rd7 24. d5 Na5 25. Qf3 Qg4 1/2-1/2

[Event "GLOCAL SQUARE 53rd National Challengers Chess Cham"]
[Site "Naivedhyam Celebration Centre, Nagpur"]
[Date "2015.08.22"]
[Round "8"]
[Board "8"]
[White "Venkatesh, M.R."]
[Black "Rajesh, V A V"]
[Result "1-0"]
[WhiteElo "2484"]
[BlackElo "2330"]
[PlyCount "63"]
[EventDate "2015.08.17"]
[EventRounds "13"]
[EventCountry "IND"]

1. e4 e5 2. Nf3 Nc6 3. Bb5 a6 4. Ba4 Nf6 5. d3 d6 6. c3 g6 7. Nbd2 Bg7 8. O-O
O-O 9. Re1 Nd7 10. b4 f5 11. d4 b5 12. Bb3+ Kh8 13. Bd5 Bb7 14. dxe5 dxe5 15.
Nb3 f4 16. Be6 Nf6 17. Qc2 Qd6 18. Nc5 Nd8 19. Bb3 Qe7 20. c4 bxc4 21. Qxc4 Bc8
22. Bb2 Ne8 23. Nd3 Nd6 24. Qc5 Ne6 25. Bxe6 Bxe6 26. Ndxe5 Qe8 27. a4 Rc8 28.
Bd4 Nb7 29. Qc3 Kg8 30. Nc6 Bxd4 31. Nfxd4 Bf7 32. Nf5 1-0

[Event "GLOCAL SQUARE 53rd National Challengers Chess Cham"]
[Site "Naivedhyam Celebration Centre, Nagpur"]
[Date "2015.08.22"]
[Round "8"]
[Board "9"]
[White "Gurpreet, Singh Maras"]
[Black "Swapnil, S. Dhopade"]
[Result "0-1"]
[WhiteElo "2245"]
[BlackElo "2458"]
[PlyCount "60"]
[EventDate "2015.08.17"]
[EventRounds "13"]
[EventCountry "IND"]

1. e4 c6 2. d4 d5 3. e5 Bf5 4. h4 h5 5. Bd3 Bxd3 6. Qxd3 e6 7. Nf3 Qa5+ 8. Nc3
Qa6 9. Qxa6 Nxa6 10. Be3 Ne7 11. O-O-O Nf5 12. Ne2 c5 13. c3 b5 14. Bg5 c4 15.
Nf4 b4 16. Kc2 Nc7 17. Ra1 Nb5 18. a4 bxa3 19. bxa3 Nxa3+ 20. Kd2 Rb8 21. Ra2
Rb3 22. Rha1 Nb5 23. Ra5 Ne7 24. Rxb5 Rxb5 25. Bxe7 Bxe7 26. Rxa7 Rb2+ 27. Ke3
Bd8 28. Ng5 O-O 29. Nxf7 Rxf7 30. Ra8 Rf8 0-1

[Event "GLOCAL SQUARE 53rd National Challengers Chess Cham"]
[Site "Naivedhyam Celebration Centre, Nagpur"]
[Date "2015.08.22"]
[Round "8"]
[Board "10"]
[White "Das, Sayantan"]
[Black "Sangma, Rahul"]
[Result "1/2-1/2"]
[WhiteElo "2444"]
[BlackElo "2285"]
[PlyCount "51"]
[EventDate "2015.08.17"]
[EventRounds "13"]
[EventCountry "IND"]

1. e4 d6 2. d4 Nf6 3. Nc3 e5 4. Nf3 Nbd7 5. Bc4 Be7 6. O-O O-O 7. a4 a5 8. Qe2
c6 9. Rd1 Qc7 10. h3 h6 11. Ba2 exd4 12. Nxd4 Nc5 13. Bf4 Nfd7 14. Qh5 Ne5 15.
Be3 Ncd7 16. f4 Nf6 17. Qe2 Ned7 18. Nf5 Re8 19. Qc4 d5 20. exd5 Nb6 21. Nxe7+
Rxe7 22. Bxb6 Qxb6+ 23. Kh2 Bxh3 24. Qd4 Qxd4 25. Rxd4 Bf5 26. dxc6 1/2-1/2

[Event "GLOCAL SQUARE 53rd National Challengers Chess Cham"]
[Site "Naivedhyam Celebration Centre, Nagpur"]
[Date "2015.08.22"]
[Round "8"]
[Board "11"]
[White "Gusain, Himal"]
[Black "Ramnath, Bhuvanesh.R"]
[Result "1/2-1/2"]
[WhiteElo "2302"]
[BlackElo "2431"]
[PlyCount "65"]
[EventDate "2015.08.17"]
[EventRounds "13"]
[EventCountry "IND"]

1. e4 e5 2. f4 exf4 3. Nf3 d5 4. exd5 Nf6 5. Bc4 Nxd5 6. O-O Be7 7. Nc3 Nb6 8.
Bb3 Nc6 9. d4 Bg4 10. Bxf4 O-O 11. Nb5 Rc8 12. d5 Na5 13. d6 Bxd6 14. Nxd6 cxd6
15. Bxd6 Nxb3 16. axb3 Re8 17. c4 Rc6 18. Bg3 Qxd1 19. Raxd1 f6 20. Rd4 Bh5 21.
Re1 Rxe1+ 22. Nxe1 Be8 23. Nd3 Rc8 24. Bd6 Nd7 25. b4 a6 26. b3 Nf8 27. Nc5 Bc6
28. b5 axb5 29. cxb5 Bxb5 30. Rb4 Bc6 31. Nxb7 Ne6 32. Na5 Bd5 33. Rb8 1/2-1/2

[Event "GLOCAL SQUARE 53rd National Challengers Chess Cham"]
[Site "Naivedhyam Celebration Centre, Nagpur"]
[Date "2015.08.22"]
[Round "8"]
[Board "12"]
[White "Karthikeyan, P."]
[Black "Navalgund, Niranjan"]
[Result "1-0"]
[WhiteElo "2426"]
[BlackElo "2245"]
[PlyCount "89"]
[EventDate "2015.08.17"]
[EventRounds "13"]
[EventCountry "IND"]

1. b3 e5 2. Bb2 Nc6 3. e3 Nf6 4. c4 g6 5. Nf3 d6 6. d4 exd4 7. exd4 d5 8. Be2
Bg7 9. Ba3 Bf8 10. O-O Bxa3 11. Nxa3 O-O 12. Nc2 Bf5 13. Ne3 Be4 14. Ne5 dxc4
15. Nxc6 Bxc6 16. bxc4 b6 17. d5 Bb7 18. Qd4 Re8 19. Bf3 Qd6 20. Rae1 c6 21.
Rd1 cxd5 22. cxd5 Ba6 23. Rfe1 h5 24. h3 Rac8 25. Qa4 b5 26. Qa5 Nd7 27. Be2
Qb6 28. Qb4 Nc5 29. d6 Rcd8 30. Qf4 Ne6 31. Qg3 h4 32. Qxh4 Rxd6 33. Nd5 Rxd5
34. Rxd5 Bb7 35. Rxb5 Qc6 36. Bf1 Ba8 37. Qg3 Kh7 38. Rb4 Qc5 39. Rh4+ Kg7 40.
Bc4 Qa5 41. Qe5+ Qxe5 42. Rxe5 g5 43. Rg4 Kf6 44. Ra5 Rc8 45. Bxe6 1-0